| 000 | 00456nam a2200157 i 4500 | ||
|---|---|---|---|
| 001 | 22606 | ||
| 003 | ES-MaACL | ||
| 005 | 20230906152726.0 | ||
| 007 | t| | ||
| 008 | 021203s1968 sp ||||1| spa d | ||
| 100 | 1 |
_aAlonso Montero, Xesús. _920364 |
|
| 245 | 1 | 0 |
_aLengua y estilo de Curros Enriquez en su poesía gallega / _cXesús Alonso Montero. |
| 260 |
_aLugo : _bCelta, _c1968. |
||
| 300 |
_a50 p. ; _c19 cm. |
||
| 852 |
_aES-MaACL _j2061-F-3 _bR.66788 |
||
| 999 |
_c22606 _d22606 |
||